| 000 | 00561nam a22001817a 4500 | ||
|---|---|---|---|
| 003 | BD-DhJNU | ||
| 005 | 20250320042408.0 | ||
| 008 | 250320b |||||||| |||| 00| 0 eng d | ||
| 040 |
_aBD-DhJNU _bENG _cBD-DhJNU _dBD-DhJNU |
||
| 082 |
_223 _a297 |
||
| 100 | _aHusain, A.F.A. | ||
| 245 |
_aEmployment of middle class muslim women in Dacca / _cA.F.A. Husain |
||
| 260 |
_aDacca : _bSocio-Economic Research Board, _c1958. |
||
| 300 |
_axi, 165 p. : _bill. ; _c21 cm. |
||
| 504 | _aincludes bibliographical reference and index | ||
| 650 | _aIslam | ||
| 942 |
_2ddc _cBK _n0 |
||
| 999 |
_c1516 _d1516 |
||